| 000 | 01266nam a22002297a 4500 | ||
|---|---|---|---|
| 003 | NALT | ||
| 005 | 20250130160042.0 | ||
| 008 | 250107b th ||||| |||| 00| 0 tha d | ||
| 040 | _aNALT | ||
| 100 | 0 |
_aสมพร กันทรดุษฎี เตรียมชัยศรี. _960282 |
|
| 245 | 1 | 0 |
_aหนังสือมนุษย์ เล่มที่ 32 สมาธิบำบัด SKT กับการเยียวยาผู้ติดสารเสพติด / _cสมพร กันทรดุษฎี เตรียมชัยศรี. |
| 260 |
_aกรุงเทพฯ : _bสำนักงานเลขาธิการสภาผู้แทนราษฎร, _c2568. |
||
| 306 | _a001815 | ||
| 650 | 4 |
_aผู้ติดยาเสพติด _xการรักษา _98573 |
|
| 650 | 4 |
_aคนติดยาเสพติด _xการรักษา _965346 |
|
| 650 | 4 |
_aการติดยาเสพติด _xการรักษา _925567 |
|
| 850 | _aNALT | ||
| 856 | 4 | 0 |
_uhttps://library.parliament.go.th/th/taxonomy/term/474 _yVideo Clip |
| 856 | 4 | 0 |
_uhttps://www.youtube.com/watch?v=v7bgqWk0Cdw _yView on YouTube |
| 942 |
_2local _cHMB |
||
| 996 |
_ajamriang.p _bCATSTF _c2025-01-07 |
||
| 999 |
_c106242 _d106242 |
||
| 998 |
_j1020 _k นางจำเรียง ระวังสำโรง |
||